Statistics for Top 20 Australian Open Men's Players in Open Era

Click here to take the quiz!

General Stats

  • This quiz has been taken 128 times
  • The average score is 14 of 20

Answer Stats

#PlayerCountryPoints% Correct
1Novak DjokovicSerbia71
100%
3Rafael NadalSpain46
100%
2Roger FedererSwitzerland67
100%
7Andy MurrayUnited Kingdom28
94%
5Andre AgassiUnited States34
88%
6Ivan LendlCzechoslovakia33
86%
9Pete SamprasUnited States27
83%
16Boris BeckerGermany18
81%
8Mats WilanderSweden27
81%
17Stanislas WawrinkaSwitzerland18
81%
4Stefan EdbergSweden38
75%
20David FerrerSpain17
69%
10John NewcombeAustralia27
63%
13Guillermo VilasArgentina20
62%
14Tomáš BerdychCzech Republic20
62%
18Andy RoddickUnited States18
55%
12Jim CourierUnited States21
55%
11Ken RosewallAustralia22
48%
15Johan KriekSouth Africa19
26%
19John AlexanderAustralia17
2%

Score Distribution

Percentile by Number Answered

Percent of People with Each Score

Your Score History

You have not taken this quiz